Economía política
Uloženo v:
| Hlavní autor: | |
|---|---|
| Médium: | Kniha |
| Jazyk: | španělština |
| Vydáno: |
Ciudad de México
Fondo de Cultura Económica
1966
|
| Vydání: | 1a. ed |
| Edice: | Sección de Obras de Economía
|
| Témata: | |
| Tagy: |
Přidat tag
Žádné tagy, Buďte první, kdo vytvoří štítek k tomuto záznamu!
|
MARC
| LEADER | 00000nam a2200000 a 4500 | ||
|---|---|---|---|
| 001 | UCK1366 | ||
| 003 | CL-VaPUC | ||
| 008 | 041112e19660000MX |||||||||||||||||spa|d | ||
| 082 | 0 | 4 | |a 330 |b LAN |2 21 |
| 100 | |a Lange, Oskar |e author |9 527754 | ||
| 245 | 1 | 0 | |a Economía política |
| 250 | |a 1a. ed | ||
| 300 | |a v | ||
| 942 | |c BK | ||
| 945 | |d 20041112 00:00:00 |a cmena | ||
| 260 | |a Ciudad de México |b Fondo de Cultura Económica |c 1966 | ||
| 500 | |a v.1: Problemas generales | ||
| 650 | 0 | |a Economía |9 255568 | |
| 650 | 0 | |a Ciencias sociales |9 256351 | |
| 650 | 0 | |a Distribución de la riqueza |9 404226 | |
| 650 | 0 | |a Bienes |9 255749 | |
| 650 | 0 | |a Producción industrial |9 307907 | |
| 583 | |a last modification |c 20041112 00:00:00 |k Rodrigo Vera | ||
| 490 | 0 | |a Sección de Obras de Economía | |
| 999 | |c 311337 |d 311335 | ||
| 952 | |0 0 |1 0 |4 0 |6 330_000000000000000_LAN_1966 |7 0 |8 P |9 380714 |a BIBGIM |b BIBGIM |d 2019-11-21 |h v.1 |i 4076702 |o 330 LAN 1966 |p 4076702 |r 2025-01-15 |w 2019-11-21 |y BK |k GIM | ||